[Event "93rd FRA-ch 2018"]
[Site "Nimes"]
[Date "2018.08.25"]
[Round "8"]
[White "Gozzoli, Yannick"]
[Black "Gharamian, Tigran"]
[Result "1/2-1/2"]
[WhiteElo "2596"]
[BlackElo "2614"]
[Annotator "TA"]
[PlyCount "66"]
[EventDate "2018.08.18"]
[EventType "tourn"]
[EventCountry "FRA"]
[SourceTitle "playchess.com"]
[Source "ChessBase"]
[SourceQuality "1"]

{[%evp 30,66,24,8,6,7,11,0,0,0,23,6,8,8,8,8,8,8,12,7,8,6,6,4,14,8,6,0,0,0,0,0,0,0,0,0,0,0,0]} 1. d4 Nf6 2. c4 e6 3. Nf3 d5 4. Nc3 c5 5. cxd5 Nxd5 6. e4 Nxc3 7. bxc3 cxd4 8. cxd4 Bb4+ 9. Bd2 Bxd2+ 10. Qxd2 O-O 11. Bc4 Nd7 12. O-O {D41: Queen's Gambit Declined: Semi-Tarrasch with 5 cxd5} b6 13. a4 (13. Rfe1 Bb7 14. Rad1 Rc8 15. Bb3 Re8 16. h4 h6 17. Qf4 Qc7 18. Qxc7 Rxc7 19. d5 Nc5 20. d6 Rd7 21. Bc4 a6 22. e5 {1-0 (51) Vachier Lagrave,M (2789)-Giri,A (2782) Leuven 2018}) 13... Bb7 14. Rfe1 Nf6 15. Bd3 h6 16. a5 {LiveBook: 20 Games} bxa5 17. Rxa5 Qc7 18. Rc1 Qd8 19. Re1 Qc7 20. Rc5 Qe7 {The position is equal.} 21. Qa5 Rfc8 22. Rxc8+ Rxc8 $146 ({Predecessor:} 22... Bxc8 23. Nd2 Bb7 {½-½ (52) Rotstein,A (2540)-Remling,C (2345) Germany 2004}) 23. Qxa7 Qb4 24. Qa1 Rc3 25. Qb1 Qxb1 26. Bxb1 Rb3 27. h3 Rb4 28. g4 g5 29. Kg2 Kg7 30. Kg3 Rb3 31. Kg2 Rb4 32. Kg3 Rb3 33. Kg2 Rb4 {Precision: White = 57%, Black = 98%.} 1/2-1/2

[Event "93rd FRA-ch 2018"]
[Site "Nimes"]
[Date "2018.08.26"]
[Round "9"]
[White "Bauer, Christian"]
[Black "Edouard, Romain"]
[Result "1/2-1/2"]
[WhiteElo "2636"]
[BlackElo "2638"]
[Annotator "TA"]
[PlyCount "32"]
[EventDate "2018.08.18"]
[EventType "tourn"]
[EventCountry "FRA"]
[SourceTitle "playchess.com"]
[Source "ChessBase"]
[SourceQuality "1"]

{[%evp 13,32,7,9,2,1,0,7,10,14,22,20,18,14,16,17,16,32,20,7,16,35]} 1. e4 c5 2. Nc3 g6 3. h4 (3. Nf3 Bg7 4. d4 cxd4 5. Nxd4 Nc6 6. Be3 Nf6 7. Bc4 Qa5 8. O-O O-O 9. Bb3 d6 10. Nd5 Re8 11. Nxf6+ Bxf6 12. c3 Bd7 13. f4 Nxd4 14. cxd4 e6 15. e5 Bg7 16. Qd2 Qa6 17. Rac1 Rac8 {0-1 (40) Grischuk,A (2750)-Vachier Lagrave,M (2795) chess.com INT 2017}) 3... h5 4. d4 cxd4 5. Qxd4 Nf6 6. Bg5 {B23: Closed Sicilian: Lines without g3} Nc6 7. Qd2 Bg7 {LiveBook: 3 Games} 8. O-O-O d6 9. f3 Qa5 $146 ({Predecessor:} 9... O-O 10. Kb1 Be6 {1-0 (47) Ozer,O (2374)-Aydincelebi,K (2096) Izmir 2016}) 10. Kb1 Nh7 11. Nd5 {[#] Threatens to win with Qxa5.} Nxg5 12. hxg5 {Qxa5 is the strong threat.} Qxd2 13. Rxd2 {And now Nc7+ would win.} Rb8 14. f4 a6 15. Nb6 Bd4 16. Nxc8 Rxc8 1/2-1/2

[Event "93rd FRA-ch 2018"]
[Site "Nimes"]
[Date "2018.08.26"]
[Round "9"]
[White "Gharamian, Tigran"]
[Black "Bacrot, Etienne"]
[Result "1/2-1/2"]
[WhiteElo "2614"]
[BlackElo "2699"]
[Annotator "TA"]
[PlyCount "42"]
[EventDate "2018.08.18"]
[EventType "tourn"]
[EventCountry "FRA"]
[SourceTitle "playchess.com"]
[Source "ChessBase"]
[SourceQuality "1"]

{[%evp 12,42,35,32,62,35,44,36,56,16,50,57,56,50,52,50,56,50,73,47,44,50,71,51,52,43,40,31,54,51,51,31,36]} 1. e4 c5 2. Nf3 e6 3. d4 cxd4 4. Nxd4 a6 5. Bd3 Qb6 6. c3 {[%cal Bc2c3,Bc3c4][%mdl 32]} Qc7 {B42: Sicilian: Kan Variation: 5 Bd3} 7. O-O {LiveBook: 15 Games} d6 (7... Nf6 8. Qe2 d6 9. c4 b6 10. Nc3 Bb7 11. f4 Be7 12. f5 Nc6 13. Be3 Nxd4 14. Bxd4 O-O 15. Rae1 Rae8 16. fxe6 fxe6 17. e5 dxe5 18. Bxe5 {1-0 (47) Erenburg,S (2587)-Flores,D (2592) San Salvador 2016}) 8. f4 {[%cal Bf2f4,Bf4f5][%mdl 32]} Nd7 9. Qe2 Ngf6 10. Kh1 b6 11. c4 Bb7 12. Nc3 Be7 $146 ({Predecessor:} 12... g6 13. f5 e5 14. Ne6 fxe6 15. fxe6 Bg7 16. exd7+ Qxd7 17. Be3 O-O 18. Bxb6 {1-0 (43) Lubbe,M (2123)-Bolvary,T (2104) Budapest 2006}) 13. f5 e5 14. Nc2 h6 15. Be3 Nc5 16. Bxc5 Qxc5 17. b4 Qc7 {White is slightly better.} 18. Ne3 O-O 19. Ncd5 Qd8 20. Nxf6+ Bxf6 21. Nd5 Bxd5 {Precision: White = 67%, Black = 39%.} 1/2-1/2

[Event "93rd FRA-ch 2018"]
[Site "Nimes"]
[Date "2018.08.26"]
[Round "9"]
[White "Le Roux, Jean-Pierre"]
[Black "Fressinet, Laurent"]
[Result "0-1"]
[WhiteElo "2539"]
[BlackElo "2645"]
[Annotator "TA"]
[PlyCount "66"]
[EventDate "2018.08.18"]
[EventType "tourn"]
[EventCountry "FRA"]
[SourceTitle "playchess.com"]
[Source "ChessBase"]
[SourceQuality "1"]

{[%evp 19,66,0,14,0,-15,-2,14,21,19,0,32,35,64,52,63,49,52,-44,-67,-64,-74,-245,-256,-255,-254,-235,-251,-252,-257,-256,-257,-257,-257,-250,-250,-245,-260,-331,-332,-327,-326,-319,-306,-504,-511,-462,-402,-387,-385]} 1. Nf3 d5 2. g3 Nf6 3. Bg2 e6 4. O-O Be7 5. d4 O-O 6. Nbd2 b6 7. c4 c6 8. Ne5 {E06: Closed Catalan: Early deviations} (8. b3 Bb7 9. Bb2 Nbd7 10. Rc1 Rc8 11. e3 dxc4 12. Nxc4 c5 13. Qe2 cxd4 14. Nxd4 Bxg2 15. Kxg2 a6 16. Nf3 b5 17. Nce5 Qb6 18. Nxd7 {½-½ (18) Dubov,D (2691)-Korobov,A (2664) Abu Dhabi 2018}) 8... Nfd7 9. Nd3 Nf6 10. Ne5 Bb7 {LiveBook: 5 Games} 11. e4 {[%cal Be2e4,Be4e5][%mdl 32]} dxc4 12. Ndxc4 b5 13. Ne3 Nbd7 $146 ({Predecessor:} 13... Qb6 14. N3g4 Rd8 15. Be3 Nbd7 16. Nxf6+ Bxf6 17. Qh5 Bxe5 18. dxe5 {1-0 (39) Inkiov,V-Koopman,H Groningen 1974}) 14. Nd3 Qb6 15. e5 Ne8 16. a4 {[%cal Ba2a4,Ba4a5][%mdl 32]} c5 17. a5 Qa6 18. d5 (18. dxc5 $1 $14 Bxg2 19. Nxg2) 18... c4 $15 19. d6 Bxd6 $1 20. Nb4 $2 (20. exd6 $17 cxd3 21. Qxd3) 20... Bxb4 $19 21. Qxd7 Bxg2 22. Nxg2 {[#]} Nf6 $1 {[%cal Be8f6,Bf6d5,Bd5c3][%mdl 544]} 23. Qd1 (23. exf6 Rfd8) 23... Rfd8 24. Qe2 Nd5 25. Qg4 Bf8 26. Bg5 Rd7 27. Rfd1 Qc6 28. Rd4 c3 29. bxc3 Nxc3 ({Less strong is} 29... Qxc3 30. Rc1 $19) 30. Rxd7 Qxd7 31. Nf4 $2 {[#]} (31. Qf3 Rc8 32. a6) 31... Qd4 32. Re1 b4 33. Qf3 Rb8 {Precision: White = 35%, Black = 85%.} 0-1

[Event "93rd FRA-ch 2018"]
[Site "Nimes"]
[Date "2018.08.26"]
[Round "9"]
[White "Loiseau, Quentin"]
[Black "Maze, Sebastien"]
[Result "1/2-1/2"]
[WhiteElo "2417"]
[BlackElo "2612"]
[Annotator "TA"]
[PlyCount "94"]
[EventDate "2018.08.18"]
[EventType "tourn"]
[EventCountry "FRA"]
[SourceTitle "playchess.com"]
[Source "ChessBase"]
[SourceQuality "1"]

{[%evp 29,94,52,67,56,68,61,63,58,64,62,60,48,48,38,47,39,56,25,27,36,34,31,31,31,29,47,47,20,8,14,33,0,0,0,0,0,0,0,0,0,0,0,0,0,0,0,0,0,0,0,0,0,0,0,0,0,0,0,0,0,0,0,0,0,0,0,0]} 1. e4 c5 2. Nf3 Nc6 3. d4 cxd4 4. Nxd4 g6 5. c4 Bg7 6. Be3 Nf6 7. Nc3 O-O 8. Be2 d6 9. O-O Bd7 10. Qd2 Nxd4 11. Bxd4 Bc6 12. Bd3 a5 13. Rae1 {B38: Sizilianisch (Maroczy-Aufbau)} Nd7 (13... a4 14. Nd5 e6 15. Nb4 Bd7 16. Rd1 Qe7 17. Rfe1 Rfc8 18. Bf1 e5 19. Bb6 Be6 20. b3 axb3 21. axb3 {½-½ (36) Wojtaszek,R (2727)-Mamedov,R (2650) Huaian 2016}) 14. Bxg7 Kxg7 15. Re3 h6 {LiveBook: 3 Partien} 16. b3 $146 ({Vorgänger:} 16. Kh1 a4 17. Nd5 e5 18. Rh3 Rh8 19. f4 Bxd5 20. exd5 exf4 21. Qxf4 {½-½ (53) Argandona Riveiro,I (2423)-Fernandez Diaz,C (2242) Sitges 2018}) 16... Nf6 17. Be2 Qb6 18. Nd5 Bxd5 19. exd5 Rfe8 20. Re1 Qb4 21. Qc1 e5 22. dxe6 $1 Rxe6 23. Bf3 (23. Rxe6 {seems wilder.} fxe6 24. h4 Rf8 25. Bf3 e5 26. Qe3) 23... Rae8 24. Rxe6 Rxe6 25. Rxe6 fxe6 26. Qe3 e5 27. g3 b6 28. Kg2 Qc5 29. Qc3 Kf7 30. Qd2 e4 {Die Stellung ist ausgeglichen.} 31. Be2 g5 32. Qb2 e3 33. fxe3 Qxe3 34. Bf3 h5 35. Qc2 g4 36. Bd5+ Kg7 37. Qf5 {[#]} b5 $1 {[%mdl 512]} 38. a3 (38. cxb5 Qd2+) 38... b4 39. axb4 axb4 40. Kf1 Qc1+ 41. Kg2 Qb2+ 42. Kf1 Qa1+ 43. Kg2 Qb2+ 44. Kf1 Qd4 45. Kg2 Kh6 46. Qe6 Qd2+ 47. Kg1 Qd1+ {Precision: Weiß = 80%, Schwarz = 76%.} 1/2-1/2

[Event "93rd FRA-ch 2018"]
[Site "Nimes"]
[Date "2018.08.26"]
[Round "10"]
[White "Gozzoli, Yannick"]
[Black "Edouard, Romain"]
[Result "1/2-1/2"]
[WhiteElo "2596"]
[BlackElo "2638"]
[Annotator "TA"]
[PlyCount "80"]
[EventDate "2018.08.18"]
[EventType "tourn"]
[EventCountry "FRA"]
[SourceTitle "playchess.com"]
[Source "ChessBase"]
[SourceQuality "1"]

{[%evp 12,80,30,19,20,20,27,20,40,13,20,0,12,7,0,0,5,-1,-17,-22,0,0,0,-4,0,0,0,-22,-33,-31,-16,-50,-19,-23,-12,-9,0,0,0,0,0,0,0,0,0,-37,21,-58,-5,-45,-43,-61,0,0,0,0,6,0,10,0,0,0,0,0,0,0,0,0,0,0,0]} 1. d4 e6 2. Nf3 c5 3. c3 Nf6 4. Bg5 h6 5. Bxf6 Qxf6 6. e4 cxd4 7. cxd4 {LiveBook: 44 Partien} Qd8 {A46: Damenbauernspiele} (7... Bb4+ 8. Nc3 O-O 9. Bd3 d6 10. O-O Nc6 11. Qe2 Nxd4 12. Nxd4 Qxd4 13. Nb5 Qe5 14. Rac1 a6 15. f4 Qf6 16. e5 dxe5 17. fxe5 {1-0 (67) Bosiocic,M (2624)-Georgiev,K (2623) Riadh 2017}) 8. Nc3 d6 9. Bd3 g6 $146 ({Vorgänger:} 9... Be7 10. Rc1 O-O 11. O-O Nc6 12. d5 Ne5 13. Nxe5 dxe5 {0-1 (35) Illi,H (2196)-Frauenfelder,R Baden 2000}) 10. O-O Bg7 11. Qd2 O-O 12. Rad1 a6 13. Rfe1 b5 14. h4 Nc6 15. Bb1 e5 16. dxe5 dxe5 17. Qxd8 Rxd8 18. Rxd8+ Nxd8 19. h5 gxh5 20. Nd5 Be6 21. Bd3 Kf8 22. Nh4 Nc6 23. Nc7 Ra7 24. Nxe6+ fxe6 25. Be2 Nd4 26. Bxh5 Rc7 27. Ng6+ Kg8 28. Re3 a5 (28... b4 $15) 29. Rd3 (29. Rc3 $11 Rxc3 30. bxc3) 29... Rc1+ (29... Rc2 $1 $15 30. Ne7+ Kh7) 30. Rd1 Rc2 31. Rb1 b4 (31... Bf6 $15) 32. Bd1 $11 {Die Stellung ist ausgeglichen.} Rc7 (32... Rc4 {is interesting.} 33. Nh4 Bf6 34. Nf3 Nxf3+ 35. Bxf3 Kf7) 33. Nh4 Bf8 34. Kf1 Kf7 35. Nf3 Nxf3 36. Bxf3 Rc2 {Droht ...Lc5.} 37. Bd1 Rc4 38. f3 h5 39. Bb3 Rc6 40. Ke2 Bh6 {Precision: Weiß = 45%, Schwarz = 53%.} 1/2-1/2

[Event "93rd FRA-ch 2018"]
[Site "Nimes"]
[Date "2018.08.26"]
[Round "11"]
[White "Gharamian, Tigran"]
[Black "Gozzoli, Yannick"]
[Result "1-0"]
[WhiteElo "2614"]
[BlackElo "2596"]
[Annotator "TA"]
[PlyCount "91"]
[EventDate "2018.08.18"]
[EventType "tourn"]
[EventCountry "FRA"]
[SourceTitle "playchess.com"]
[Source "ChessBase"]
[SourceQuality "1"]

{[%evp 23,91,25,17,15,27,2,14,20,38,7,66,63,53,60,68,34,32,56,87,100,80,40,135,127,183,168,182,120,202,162,177,112,118,56,60,57,44,64,79,80,75,83,208,208,234,203,223,216,203,197,196,172,333,320,754,743,5895,5235,1679,142,562,555,29984,29985,29985,1556,29955,29949,29991,29969]} 1. e4 e5 2. Nf3 Nc6 3. Bb5 a6 4. Ba4 Nf6 5. O-O Be7 6. d3 d6 7. c3 O-O 8. Re1 Re8 9. Nbd2 Bf8 10. Nf1 h6 11. h3 b5 {C84: Closed Ruy Lopez: Unusual White 6th moves} 12. Bc2 (12. Bb3 Be6 13. Ne3 Qd7 14. Nh2 Ne7 15. Nhg4 Nxg4 16. Nxg4 c5 17. a4 h5 18. Nh2 g6 19. Nf3 Bxb3 20. Qxb3 {½-½ (56) Fressinet,L (2702)-Adams,M (2742) Germany 2016}) 12... d5 {LiveBook: 5 Games} 13. exd5 Nxd5 {The position is equal.} 14. a4 $146 ({Predecessor:} 14. Bd2 Bb7 15. b4 Qd7 16. Qc1 Nb6 17. Ng3 Rad8 18. Ne4 Nb8 19. Qd1 {½-½ (56) Golubev,R (2337)-Sriram,J (2435) Tashkent 2016}) 14... b4 15. Bd2 a5 16. Ng3 g6 (16... Nf6 $11) 17. Bb3 Be6 18. Bc4 Bg7 19. Ne4 bxc3 20. bxc3 Qe7 21. Bb5 Bd7 22. Qc2 Qf8 (22... Nd8 $14) 23. Bc1 $16 f5 (23... Reb8 $16 24. Qa2 Be6) 24. Ba3 Qf7 {[#]} 25. Nc5 ({Better is} 25. Bc4 $1 $18) 25... Rad8 (25... Nb8 $16) 26. Nxd7 Qxd7 27. d4 ({White should play} 27. Qb3 $18) 27... e4 28. Ne5 (28. Nd2 $16) 28... Bxe5 $14 29. dxe5 {aiming for Red1.} Qe6 $1 30. Rad1 Nxe5 {next ...c6 is good for Black.} 31. Bxe8 Rxe8 32. Qd2 $36 {[%mdl 2048] White is in control.} c6 (32... Nd3 $16 {keeps fighting.}) 33. Qxh6 $18 Nf7 34. Qd2 Ne5 35. Qg5 Nf7 36. Qg3 f4 {[#]} 37. Qg4 $1 Qf6 $2 (37... Qxg4 38. hxg4 g5) 38. c4 Ne5 $2 (38... Nb6 39. Bc1 e3 40. fxe3 f3) 39. Rxe4 Nc3 {[#]} 40. Rxe5 $1 Rxe5 41. Rd7 $2 (41. Rd6 $18 {and White stays clearly on top.} Qf7 42. Bb2) 41... Ne2+ $2 {[%mdl 8192]} (41... f3 $16 {is a better chance.} 42. Rd2 (42. Qxf3 Qxf3 43. gxf3 Nxa4 $16) 42... Ne2+ 43. Kf1 fxg2+ 44. Qxg2 Qf5) 42. Kh2 {Hoping for Rd6.} Nd4 43. Rxd4 Rf5 44. Re4 (44. Rd6 $142 Qxd6 45. Bxd6 Kg7 46. Bxf4 Kf7 47. Kg3 Kg7 48. Bd2 c5 49. Bxa5) 44... c5 {[#]} 45. Bb2 $1 Qf7 (45... Qxb2 46. Qxg6+) 46. Re5 {Precision: White = 50%, Black = 23%.} 1-0

[Event "93rd FRA-ch 2018"]
[Site "Nimes"]
[Date "2018.08.26"]
[Round "12"]
[White "Edouard, Romain"]
[Black "Gharamian, Tigran"]
[Result "1-0"]
[WhiteElo "2638"]
[BlackElo "2614"]
[Annotator "TA"]
[PlyCount "57"]
[EventDate "2018.08.18"]
[EventType "tourn"]
[EventCountry "FRA"]
[SourceTitle "playchess.com"]
[Source "ChessBase"]
[SourceQuality "1"]

{[%evp 32,57,0,0,29,26,12,6,23,7,26,16,33,0,40,4,130,146,141,35,496,504,486,500,497,491,483,459]} 1. d4 Nf6 2. c4 e6 3. Nc3 d5 4. cxd5 Nxd5 5. e4 Nxc3 6. bxc3 c5 7. Nf3 cxd4 8. cxd4 Bb4+ 9. Bd2 Bxd2+ 10. Qxd2 O-O 11. Bc4 Nd7 12. O-O b6 13. Rad1 Bb7 14. Rfe1 Rc8 {D41: Queen's Gambit Declined: Semi-Tarrasch with 5 cxd5} 15. Bb3 Re8 16. h3 (16. h4 h6 17. Qf4 Qc7 18. Qxc7 Rxc7 19. d5 Nc5 20. d6 Rd7 21. Bc4 a6 22. e5 {1-0 (51) Vachier Lagrave,M (2789)-Giri,A (2782) Leuven 2018}) 16... h6 17. Re3 {LiveBook: 3 Games} Qc7 18. Qe2 {[#]} Rcd8 $146 ({Predecessor:} 18... Qf4 19. Ne1 Red8 20. Nd3 Qf6 21. d5 exd5 22. e5 {1-0 (57) Sakaev,K (2619)-Hera,I (2527) Budva 2009}) 19. Nh2 Nf6 20. Ng4 Qe7 21. d5 Nxg4 22. Qxg4 exd5 $1 23. exd5 {[%cal Be4d5,Bd5d6,Bd6d7][%mdl 32]} Qg5 (23... Qd6 $11 {keeps the balance.}) 24. Rxe8+ $1 $16 Rxe8 25. Qd7 (25. Qa4 $1 $16 {[%cal Ra4e8]} Re7 26. Qxa7) 25... Qe7 $2 {[%mdl 8192] [#]} (25... Re7 $1 $14 26. Qd8+ Kh7) 26. Qxe7 $1 $18 {White is clearly winning.} Rxe7 27. d6 Re8 28. d7 Rd8 {[#]} 29. Ba4 $1 {Precision: White = 78%, Black = 29%.} 1-0

[Event "93rd FRA-ch 2018"]
[Site "Nimes"]
[Date "2018.08.26"]
[Round "13"]
[White "Edouard, Romain"]
[Black "Gozzoli, Yannick"]
[Result "1/2-1/2"]
[WhiteElo "2638"]
[BlackElo "2596"]
[Annotator "TA"]
[PlyCount "23"]
[EventDate "2018.08.18"]
[EventType "tourn"]
[EventCountry "FRA"]
[SourceTitle "playchess.com"]
[Source "ChessBase"]
[SourceQuality "1"]

{[%evp 21,23,0,37,0]} 1. d4 d5 2. Nf3 Nf6 3. c4 c6 4. Nc3 e6 5. Bg5 h6 6. Bh4 {[%cal Bg5h4,Bh4g3,Bg3e5][%mdl 32]} Nbd7 7. e3 g5 {D51: Damengambit (Cambridge-Springs-Variante und Abweichungen)} 8. Bg3 Nh5 9. Be5 Ng7 10. Bg3 $146 ({Vorgänger:} 10. cxd5 Nxe5 11. Nxe5 exd5 12. Bd3 Bd6 13. f4 {1-0 (87) Sarana,A (2562)-Quesada Perez,Y (2627) chess.com INT 2018}) 10... Nh5 11. Be5 Ng7 {LiveBook: 5 Partien} 12. Bg3 1/2-1/2

[Event "93rd FRA-ch 2018"]
[Site "Nimes"]
[Date "2018.08.26"]
[Round "14"]
[White "Gozzoli, Yannick"]
[Black "Gharamian, Tigran"]
[Result "0-1"]
[WhiteElo "2596"]
[BlackElo "2614"]
[Annotator "TA"]
[PlyCount "154"]
[EventDate "2018.08.18"]
[EventType "tourn"]
[EventCountry "FRA"]
[SourceTitle "playchess.com"]
[Source "ChessBase"]
[SourceQuality "1"]

{[%evp 15,154,-13,-10,-13,0,0,6,-9,0,0,0,0,16,13,10,19,18,0,12,12,16,16,20,-8,63,47,56,45,37,33,43,27,31,0,0,0,0,0,4,6,5,0,6,0,0,0,0,0,0,0,0,0,0,0,0,0,0,0,0,-4,0,-64,-57,-176,-176,-177,-178,-194,-194,-191,-174,-175,-172,-285,-277,-280,-271,-252,-12,-202,-194,-162,-106,-123,-39,-385,-378,-347,-325,-454,-434,-370,-186,-321,-301,-476,-465,-349,0,-387,-372,-542,-608,-676,-669,-587,-436,-879,-462,-464,-404,-577,0,-416,0,-573,-541,-727,-723,-643,-486,-715,-704,-1187,-698,-641,0,-1212,-1134,-29978,-29979,-29998,-741,-719,0,-29998,-5919,-29998,-1053,-29979,-29980]} 1. d4 Nf6 2. Nf3 d5 3. Bg5 e6 4. Nbd2 c5 5. e3 Nc6 6. c3 h6 {D03: 1 d4 d5 2 Nf3 Nf6 3 Bg5, including Torre Attack with early ...d5} 7. Bf4 (7. Bh4 g5 8. Bg3 Nh5 9. Be5 Nxe5 10. Nxe5 Nf6 11. Bb5+ Nd7 12. Qf3 Qe7 13. h4 Bg7 14. hxg5 hxg5 15. Rxh8+ Bxh8 {½-½ (35) So,W (2770)-Giri,A (2782) Paris 2016}) 7... Bd6 8. Bg3 O-O {LiveBook: 6 Games. The position is equal.} 9. Bb5 $146 ({Predecessor:} 9. Bd3 Qe7 10. O-O e5 11. dxc5 Bxc5 12. e4 d4 {1-0 (60) Pohjala,H (2382)-Turov,M (2594) Tallinn 2016}) 9... Ne7 10. Bd3 b6 11. O-O Bb7 12. Bxd6 Qxd6 13. Ne5 Nd7 (13... Qc7 {with more complications.} 14. a4 a5 15. Re1 Rfc8 16. Bc2 Re8) 14. f4 f6 15. Nxd7 Qxd7 16. Nf3 Bc6 17. Qe2 Nf5 18. Rad1 Nd6 19. Rfe1 Bb5 ({Better is} 19... c4 $11 20. Bg6 Qb7) 20. Bxb5 Qxb5 21. Qxb5 Nxb5 22. dxc5 bxc5 23. e4 Rad8 24. Rd2 d4 25. Red1 {[%cal Rc3d4]} e5 26. fxe5 fxe5 27. Nxe5 Rfe8 $1 {[%cal Re8e5]} 28. Nf3 {[%cal Rc3d4]} Rxe4 29. a4 Nd6 30. cxd4 Nc4 31. Rc2 Ne3 32. Re2 Nxd1 33. Rxe4 Nxb2 34. dxc5 $11 {[%mdl 4096] Endgame aiming for c6. KRN-KRN} Rc8 35. Rb4 Nd3 36. Rb7 Rxc5 {( -> ...Rc1+)} 37. Kf1 Ra5 38. Ke2 (38. Rb3 $11 Nc5 39. Rb5 Rxb5 40. axb5) 38... Nf4+ $15 39. Ke3 ({White should play} 39. Kf2 $15) 39... Nxg2+ $19 ({Don't do} 39... Rxa4 40. g3 $15) 40. Kf2 {And now Rb4 would win.} Nf4 41. Ke3 Rxa4 42. Nd4 Nd5+ 43. Ke4 Nf6+ 44. Ke5 (44. Kd3 $142) 44... Ng4+ 45. Kd5 Nxh2 46. Ne6 Rg4 $2 ({Black should try} 46... Ra5+ $1 $19 47. Ke4 g5 48. Rg7+ Kh8) 47. Rxa7 $2 {[#]} (47. Rb2 $1 $11 {and White has nothing to worry.}) 47... h5 $1 48. Ra3 Nf1 (48... Rg6 $19 49. Ra2 Ng4 50. Ra8+ Kf7 51. Ra7+ Kg8 52. Ra8+ Kf7 53. Ra7+ Kg8 54. Ra8+) 49. Ke5 $17 {[#]} Ng3 (49... Kh7 $1 $17 {Strongly threatening ...Ng3.} 50. Nf8+ Kh6 51. Ra6+ Kg5 52. Ne6+ Kg6 53. Nf8+ Kf7) 50. Ra8+ $2 {[%mdl 8192]} ({White has to play} 50. Rf3 $1 $15) 50... Kh7 $19 51. Nf8+ Kh6 52. Ne6 Re4+ 53. Kd5 {If White can now play Rh8+ this consolidates a bit.} Re1 (53... h4 $142 54. Rg8 Rb4) 54. Rh8+ (54. Rg8 $142) 54... Kg6 55. Rf8 (55. Nf4+ {was forced.} Kf7 56. Nd3) 55... Rd1+ 56. Ke5 Re1+ 57. Kd5 Rf1 58. Rh8 (58. Rxf1 {only move.} Nxf1 59. Ke5) 58... Nf5 59. Ke5 Re1+ 60. Kd5 Ne3+ 61. Ke5 (61. Kc5 $142 Nf5 62. Kd5) 61... Ng4+ 62. Kd6 Rf1 63. Ke7 (63. Rg8 {keeps fighting.} Re1 64. Rf8) 63... Re1 64. Kd6 {If only White now had time for Nf4+....} Rf1 65. Ke7 $1 {White hopes to continue with Nf8+.} Nh6 66. Ra8 Nf5+ 67. Kd7 Rd1+ 68. Ke8 (68. Kc7 $142) 68... h4 69. Ra4 Re1 70. Kd7 Rd1+ (70... Kf6 $142 71. Ra6 Re3 72. Nc7+ Kg5 73. Ne6+ Kg4 74. Ra4+ Kg3) 71. Ke8 $1 Kf6 72. Nf4 g5 73. Nh3 Re1+ (73... Ng7+ $142 74. Kf8 Rd8#) 74. Kd7 Rd1+ (74... Ne3 $19 75. Nf2 Re2 76. Ne4+ Kf5 77. Nd6+ Kg6) 75. Ke8 $1 Rd3 (75... Ng7+ $142 76. Kf8 Rd8#) 76. Nf2 Rd4 (76... Ng7+ $142 77. Kf8 Rd8#) 77. Ng4+ Ke6 {Precision: White = 38%, Black = 42%.} 0-1